Tiếng Việt trong thư tịch cổ Việt Nam

Tập hợp những từ ngữ có mang một nội dung văn hoá, một sắc thái tu từ nhất định, thông dụng trong các áng văn thời trước như: điẻn cố, tục ngữ, thành ngữ...

Đã lưu trong:
书目详细资料
主要作者: Nguyễn, Thạch Giang
格式: 图书
语言:Undetermined
出版: Hà Nội Văn hóa Thông tin 2010
主题:
标签: 添加标签
没有标签, 成为第一个标记此记录!
Thư viện lưu trữ: Trung tâm Học liệu Trường Đại học Cần Thơ
LEADER 00839nam a2200193Ia 4500
001 CTU_172217
008 210402s9999 xx 000 0 und d
082 |a 495.922 
082 |b Gi106/T.2-Q.2 
100 |a Nguyễn, Thạch Giang 
245 0 |a Tiếng Việt trong thư tịch cổ Việt Nam 
245 0 |c Nguyễn Thạch Giang 
260 |a Hà Nội 
260 |b Văn hóa Thông tin 
260 |c 2010 
520 |a Tập hợp những từ ngữ có mang một nội dung văn hoá, một sắc thái tu từ nhất định, thông dụng trong các áng văn thời trước như: điẻn cố, tục ngữ, thành ngữ... 
650 |a Vietnamese laguage,Tiếng Việt 
904 |i Trọng Hải 
980 |a Trung tâm Học liệu Trường Đại học Cần Thơ